Every Sam Fender Song - Updated 2025 - Statistics

General Stats
  • This quiz has been taken 60 times
  • The average score is 37 of 61
Answer Stats
Hint Answer % Correct
Hypersonic Missiles Hypersonic Missiles
100%
People Watching People Watching
96%
Seventeen Going Under Seventeen Going Under
96%
Hypersonic Missiles The Borders
89%
Hypersonic Missiles Will We Talk?
87%
People Watching Rein Me In
85%
Hypersonic Missiles Dead Boys
83%
People Watching Crumbling Empire
78%
People Watching Nostalgia's Lie
76%
Hypersonic Missiles Play God
76%
People Watching Arm's Length
74%
Hypersonic Missiles Saturday
74%
People Watching Little Bit Closer
72%
Seventeen Going Under The Dying Light
72%
Hypersonic Missiles White Privilege
72%
People Watching Something Heavy
70%
Seventeen Going Under Spit of You
70%
Seventeen Going Under Getting Started
67%
People Watching Remember My Name
67%
People Watching TV Dinner
67%
Seventeen Going Under Aye
65%
People Watching (Deluxe Edition) Me and The Dog
65%
Seventeen Going Under Mantra
63%
Single Poundshop Kardashians
63%
Single Spice
63%
Hypersonic Missiles You're Not The Only One
63%
Seventeen Going Under (Deluxe) Angel In Lothian
61%
Hypersonic Missiles Leave Fast
61%
Hypersonic Missiles Use - Live
61%
People Watching Chin Up
59%
People Watching Wild Long Lie
59%
Single All Is On My Side
57%
Seventeen Going Under Get You Down
57%
People Watching (Deluxe Edition) The Treadmill
57%
People Watching (Deluxe Edition) Tyrants
57%
Seventeen Going Under (Deluxe) Alright
54%
Hypersonic Missiles Call Me Lover
54%
Seventeen Going Under (Deluxe) Howdon Aldi Death Queue
54%
Seventeen Going Under (Deluxe) Pretending That You're Dead
54%
Hypersonic Missiles That Sound
54%
Seventeen Going Under (Deluxe) Wild Grey Ocean
54%
Single Greasy Spoon
52%
Seventeen Going Under Paradigms
52%
Hypersonic Missiles Two People
52%
Seventeen Going Under (Deluxe) Poltergeists
50%
People Watching (Deluxe Edition) Fortuna's Wheel
48%
Single Friday Fighting
48%
People Watching (Deluxe Edition) I'm Always on Stage
48%
Seventeen Going Under Last to Make It Home
48%
Seventeen Going Under (Deluxe) Better Of Me
46%
Single Hold Out
46%
People Watching (Deluxe Edition) Empty Spaces
43%
Seventeen Going Under Long Way Off
41%
People Watching (Deluxe Edition) Talk to You (ft. Elton John)
41%
Seventeen Going Under (Deluxe) The Kitchen (Live)
39%
Seventeen Going Under (Deluxe) Little Bull Of Blithe
37%
Seventeen Going Under The Leveller
37%
Seventeen Going Under (Deluxe) Good Company
35%
Single Winter Song
35%
Single Millenial
28%
Single Start Again
26%
No matching quizzes found
Score Distribution
Percent of People with Each Score
Percentile by Number Answered
Your Score History
You have not taken this quiz